| 000 | 01110cam a22002413a 4500 | ||
|---|---|---|---|
| 001 | 5792 | ||
| 003 | PGUSA | ||
| 005 | 20140828083124.0 | ||
| 008 | 040501s2004||||xxu|||||s|||||000 | eng d | ||
| 040 |
_aPGUSA _beng |
||
| 042 | _adc | ||
| 050 | 4 | _aQH | |
| 100 | 1 |
_aAndrews, Jane, _d1833-1887 |
|
| 245 | 1 | 4 |
_aThe Stories Mother Nature Told Her Children _h[electronic resource] / _cJane Andrews |
| 260 |
_bProject Gutenberg, _c2004 |
||
| 505 | 0 | _aThe story of the amber beads -- The new life -- The talk of the trees that stand in the village street -- How the Indian corn grows -- Water-lilies -- The carrying trade -- Sea-life -- What the frost giants did to Nannie's run -- How Quercus Alba went to explore the underworld, and what came of it -- Treasure-boxes -- A peep into one of God's storehouses -- The hidden light -- Sixty-two little tadpoles -- Golden-rod and asters. | |
| 506 | _aPublic domain in the USA. | ||
| 516 | _aElectronic text | ||
| 653 | _aNatural history -- Juvenile literature | ||
| 830 | 0 |
_aProject Gutenberg _v5792 |
|
| 856 | 4 | 0 | _uhttp://www.gutenberg.org/ebooks/5792 |
| 942 | _cEB | ||
| 999 |
_c235120 _d235120 |
||